[Event "Le Touquet op 26th"]
[Site "Le Touquet"]
[Date "2011.10.26"]
[Round "7"]
[White "Gaubert, Virginie"]
[Black "Brault, Julien"]
[Result "1/2-1/2"]
[WhiteElo "1728"]
[BlackElo "1849"]
[PlyCount "49"]
[EventDate "2011.10.22"]
[EventType "swiss"]
[EventRounds "9"]
[EventCountry "FRA"]
[SourceTitle "EXT 2012"]
[Source "ChessBase"]
[SourceDate "2011.11.24"]
[SourceVersion "1"]
[SourceVersionDate "2011.11.24"]
[SourceQuality "1"]

1. c4 c6 2. g3 d5 3. b3 Nf6 4. Bg2 Bf5 5. Nf3 h6 6. 0-0 e6 7. d3 Be7 8. Bb2 0-0 9. Nbd2 Bh7 10. a3 a5 11. Bc3 Na6 12. Qc1 b5 13. Nd4 Qb6 14. Rb1 b4 15. axb4 axb4 16. Ba1 Nc5 17. Nc2 Rfe8 18. Nf3 Ra2 19. Ne5 Ncd7 20. Rb2 Rea8 21. Rxa2 Rxa2 22. Qb1 Ra8 23. Bd4 Bc5 24. Bxc5 Nxc5 25. Qb2 1/2-1/2

[Event "Le Touquet op 26th"]
[Site "Le Touquet"]
[Date "2011.10.25"]
[Round "5"]
[White "Vandemeulebrouck, Renaud"]
[Black "Gaubert, Virginie"]
[Result "1-0"]
[WhiteElo "1930"]
[BlackElo "1728"]
[PlyCount "49"]
[EventDate "2011.10.22"]
[EventType "swiss"]
[EventRounds "9"]
[EventCountry "FRA"]
[SourceTitle "EXT 2012"]
[Source "ChessBase"]
[SourceDate "2011.11.24"]
[SourceVersion "1"]
[SourceVersionDate "2011.11.24"]
[SourceQuality "1"]

1. e4 c5 2. Nf3 d6 3. d4 cxd4 4. Nxd4 Nf6 5. Nc3 g6 6. Be3 Bg7 7. f3 0-0 8. Qd2 Nc6 9. 0-0-0 d5 10. exd5 Nxd5 11. Nxc6 bxc6 12. Bd4 e5 13. Bc5 Be6 14. Ne4 Re8 15. h4 h5 16. g4 hxg4 17. h5 Nf4 18. Qh2 Qa5 19. hxg6 Nh3 20. fxg4 Qxa2 21. Qxh3 Qa1+ 22. Kd2 Red8+ 23. Bd3 Rxd3+ 24. cxd3 fxg6 25. Rdf1 1-0